Statistics for Golden State Warriors: All-Star Selections

Click here to take the quiz!

General Stats

  • This quiz has been taken 289 times
    (190 since last reset)
  • The average score is 11 of 31

Answer Stats

Amount of SelectionsPlayer% Correct
10Stephen Curry
100%
5Klay Thompson
99%
4Draymond Green
97%
6Wilt Chamberlain
91%
3Kevin Durant
85%
8Rick Barry
79%
5Chris Mullin
72%
1Andrew Wiggins
66%
3Tim Hardaway
52%
7Nate Thurmond
47%
10Paul Arizin
47%
1David Lee
32%
1Clyde Lee
31%
2Phil Smith
25%
3Latrell Sprewell
20%
1Sleepy Floyd
16%
3Jeff Mullins
15%
1Joe Barry Carroll
15%
6Neil Johnston
15%
2Joe Fulks
12%
3Guy Rodgers
10%
1Cazzie Russell
9%
3Tom Gola
8%
1Bernard King
7%
1Jerry Lucas
7%
1Jim King
7%
2Andy Phillip
4%
2Jack George
4%
2Rudy LaRusso
4%
1Tom Meschery
4%
1Woody Sauldsberry
3%

Score Distribution

Percentile by Number Answered

Percent of People with Each Score

Your Score History

You have not taken this quiz since the last reset